000 00698nam a2200193Ia 4500
003 GCL
008 140319s9999 xx 000 0 ara d
040 _aGCL /
_cGCL
082 0 4 _aش ف
_b791.43
_bا ع
100 1 _aاحمد جلال عزالدين
245 1 0 _aالعريس الخامس (شرائط فيديو) /
_cاحمد جلال عزالدين
260 _aالقاهرة :
_bافلام جمال الليثى للسينما والفيديو
300 _a1 شريط ؛
_c1\2 بوصة
650 0 4 _aالافلام العربية
650 0 4 _aالفيديو، أشرطة
650 0 4 _aالتسجيلات المرئية
650 0 4 _aالافلام العاطفية
942 _2ddc
_cVM
999 _c37379
_d37379